De Jure Revista de investigacin̤ y anl̀isis

Bibliographic Details
Format: Journal
Language:Spanish
Published: [Colima] : Universidad de Colima.
Subjects:
Online Access:Acceso restringido

MARC

LEADER 00000nas a22000007a 4500
005 2011082901151.0
008 110829t1999 mx zn|p|s|||| 00| b1spa d
022 |a 1870-2457  
035 |a 5385 
040 |a vLex 
090 |c 2282  |d 2282 
245 0 0 |a De Jure  |b Revista de investigacin̤ y anl̀isis  |h [Recurso electrn̤ico] : 
246 3 |a Revista De Jure 
256 |a Servicio en ln̕ea. 
260 |a [Colima] :  |b Universidad de Colima. 
310 |a 2 veces al aǫ. 
362 |a Nm︢. 1 (1996) - 
500 |a El primer nm︢ero de la revista se public ̤en diciembre de 1999 con el nombre de IURÍDICA, denominacin̤ que cambi ̤a partir de la edicin̤ del mes de septiembre de 2004 al nombre que actualmente tiene: DE JURE. A lo largo del camino que ha recorrido esta revista, ya sea bajo la denominacin̤ IURÍDICA, y posteriormente, DE JURE, se ha convertido en un instrumento que ha fomentado la produccin̤ cientf̕ica con la participacin̤ de estudiantes, catedrt̀icos e investigadores no solo de la Facultad de Derecho de la Universidad de Colima, sino tambiň de autores de distintas partes de Mx̌ico y el extranjero, que han escrito sobre temas especializados en las diversas ramas del derecho.  
506 1 |a Contenido solo disponible en los productos indicados  |d vLex Global  |d vLex Global (Academic Edition, excluding Law Schools)  |d vLex Global (U.S. Academic Edition, Law Schools)  |d vLex Global (U.S. Academic Edition, excluding Law Schools)  |d vLex Global (Academic Edition, Law Schools) 
580 |a Continuacin̤ de : IURÍDICA 
650 0 4 |a Derecho  |z Colombia 
740 0 |a vLex Revistas (Servicio en ln̕ea) 
856 4 0 |u http://vlex.com/source/revista-de-jure-5385  |z Acceso restringido 
942 |c REV